G.O.T characters by screen time - Statistics

General Stats
  • This quiz has been taken 250 times
  • The average score is 11 of 40
Answer Stats
Hint Answer % Correct
1 Tyrion
98%
2 Jon
97%
3 Dany
83%
4 Cersei
79%
6 Arya
75%
5 Sansa
75%
7 Jaime
72%
8 Theon
42%
9 Sam
37%
10 Jorah
35%
11 Petyr
34%
15 Bran
26%
13 Brienne
23%
12 Ned
23%
17 Varys
22%
16 Catelyn
17%
14 Davos
17%
23 Joffrey
17%
18 Tywin
17%
20 Robb
15%
22 Hound
14%
25 Melisandre
12%
24 Ramsay
12%
21 Stannis
11%
26 Bronn
10%
31 Missandei
9%
27 Gilly
8%
34 Podrick
8%
29 Shae
8%
32 Tommen
8%
40 Greyworm
6%
19 Margeary
6%
35 Olenna
6%
33 Tormund
6%
28 Ygritte
6%
38 Pycelle
5%
30 Daario
4%
39 Loras
4%
37 Barristan selmy
3%
36 High sparrow
3%
No matching quizzes found
Score Distribution
Percent of People with Each Score
Percentile by Number Answered
Your Score History
You have not taken this quiz